00468nam a2200157Ia 450000500170000000800410001708200130005824500100007126000310008130000130011250000400012570000250016594200060019095200990019699900150029520250319065500.0240331s9999 xx 000 0 und d bNIKa894 0aNikal aKovaibUravu Achagamc1991 a100 p ., aSowuth union nigalchigal patriyathu aPalanisamy, K. eedt cL 001040708LaWERCLbWERCLcSSCd2024-03-31l0o 894.811 NIKp1652r2024-03-31w2024-03-31yL c4091d4091